| 000 | 01596nam0a22003491 4500 | ||
|---|---|---|---|
| 001 | v19\rc\1297726 | ||
| 005 | 20240920105401.0 | ||
| 035 | _a(NLR Aleph) 005201732 | ||
| 090 |
_a5317002 _c5317002 |
||
| 100 | _a20060306d1864 |||y0rusy50 ca | ||
| 101 | 0 | _arus | |
| 102 | _aRU | ||
| 105 | _ay z ||||| | ||
| 200 | 1 |
_aЖивописец _e1772-1773. Ч. 1-2 _f[Изд.] Н.И. Новикова _g[С коммент. П.А. Ефремова] |
|
| 205 | _a7-е изд. | ||
| 210 |
_aСанкт-Петербург _cП.А. Ефремов _d1864 |
||
| 215 |
_aXX, 356 с. _d20 |
||
| 300 | _aТри тит. л.; 2 и 3 тит. л. воспроизводят тит. л. ч. 1-2 изд. 1772 г. с загл. "Живописец", еженедельное на 1772 год сочинение | ||
| 327 | 0 | _aС. I-XX: Об изданиях "Живописца" / П. Е[фремов] | |
| 464 | 0 |
_12001#$aОб изданиях "Живописца" _1215##$aС. I-XX _1700#1$aЕфремов$bП.А.$gПетр Александрович |
|
| 702 | 1 |
_aЕфремов _bП. А. _f1830-1907 _gПетр Александрович _4212 |
|
| 702 | 1 |
_aНовиков _bН. И. _cписатель _f1744-1818 _gНиколай Иванович _3RU\NLR\AUTH\772860 _4220 _7ca |
|
| 712 | 0 | 2 |
_a"Живописец", журн. _cПетербург |
| 801 | 0 |
_aRU _bNLR _c20060306 _gpsbo |
|
| 801 | 0 |
_aRU _bRuMoRGB _c20060306 _2psbo |
|
| 801 | 1 |
_aRU _bProSoft-M _c20060306 _2rusmarc |
|
| 801 | 2 |
_aRU _bNLR _c20070716 _2rusmarc |
|
| 852 |
_aNLR _j45/514 |
||
| 852 |
_aNLR _j91/1248 |
||
| 942 | _cBOOK | ||
| 980 | _aNB | ||